U.S. Synonymous Trademarks - Statistics

General Stats
  • This quiz has been taken 66,776 times
    40,540 since last reset
  • The average score is 15 of 24
Answer Stats
Generic Term Trademark % Correct
Web search Google
94%
Adhesive bandage Band-Aid
89%
Flying disc Frisbee
87%
Sticky notes Post-Its
82%
Gelatin dessert Jell-O
81%
Clear tape Scotch Tape
75%
Facial tissue Kleenex
73%
Stun gun Taser
73%
Petroleum jelly Vaseline
71%
Cotton swabs Q-Tips
68%
Swim briefs Speedo
66%
Photocopier Xerox
66%
Lip balm ChapStick
64%
Portable tape player Walkman
63%
Artificial turf AstroTurf
62%
Vacuum cleaner Hoover
62%
4-wheel drive vehicle Jeep
61%
Bleach Clorox
56%
Inline skates Rollerblades
51%
Acetaminophen Tylenol
51%
Stadium-size television JumboTron
45%
Elevator music Muzak
30%
Vacuum-sealed beverage holder Thermos
25%
Recreational vehicle Winnebago
18%
No matching quizzes found
Score Distribution
Percent of People with Each Score
Percentile by Number Answered
Your Score History
You have not taken this quiz since the last reset